01297nam a2200229 a 4500003000900000005001700009007000300026008004100029040002500070082001400095110004700109245015100156300003700307490008900344500003200433505033800465650005800803650005700861650004800918651005800966700004301024DO-SdBNP20220916094138.0ta220914e1997 dr ad||frf|||s001 0 spa d aDO-SdBNPbspacBNPHU 4222bR426m1 aRepública Dominicana.bEjercito Nacional10aManual de funciones y procedimientos para el uso de los recurso del Estado en el Ejército Nacional. /cPresentación, Andrés R. Apolina Disla a196 p. :bil., gráf. :c27 cm. aColección de Publicaciones de la Jefatura de Estado Mayor del Ejército Nacional. aLa Biblioteca posee el v. 7 av. VII. gSegunda Parte.tBreve Comentarios sobre términos presupuestarios.--gTercera Parte.tManejo de los recursos del Estado en el Ejército Nacional.--gCuarta parte.tFunciones de los Departamentos de Asesoría y servicios de Apoyo a los Comandos.--gQuinta parte.tFunciones de los Departamentos Operativos.--tApéndice. 4aEjército NacionalxManualeszRepública Dominicana 4aProcedimiento AdministrativozRepública Dominicana 4aFunción PúblicazRepública Dominicana 4aRepública DominicanavManualesxEjército Nacional 2aApolinar Disla, Andrés R. epresent.